000 00359nam a2200109Ia 4500
008 220204s9999 xx 000 0 und d
082 _aNR:62:678.061(063)
_bRRM
245 0 _aProceedings of the symposium on good housekeeping rules for latex concentrate producers 1978, Kuala Lumpur
260 _aMalaysia
_bRRIM
_c1978
650 _aRubber effluent
942 _cBK
999 _c40164
_d40164